000 00459cab a2200181 4500
001 X1241
008 090401t1993 xxu||||| |||| 00| 0 eng d
035 _a(Sirsi) u15753
041 _aeng
110 _aAnthony Williams and Partners
_93
245 _aDossier index 1993
260 _c1993
350 _a0
490 _aBuilding
_v258(7824) 17 December 1993, 34-37(4)
690 _aBUILDING AND CONSTRUCTION-PROJECTS
942 _n0
948 _c04/03/1997
999 _c10359
_d10359